000 00587nam a2200229Ia 4500
003 OSt
005 20220928144703.0
006 a|||||r|||| 00| 0
007 ta
008 220927b |||||||| |||| 00| 0 eng d
024 _a73097
037 _cTextual
040 _aSDCL
_cSDCL
_beng
041 _2eng
_aeng
082 _aD6,8(B289F), M3
100 _aCassel Don
_9509132
245 0 _aFortran made easy.
260 _c1983
700 _a Swanson Kichard
_9509133
942 _hD6,8(B289F), M3
_cTEXL
_2CC
999 _c829004
_d829004